Comical kittens and their frolics /

Bibliographic Details
Main Author: Bingham, Clifton, 1859-1913
Format: Microform Book
Language:English
Published: London ; New York : R. Tuck & Sons, [1896]
Series:Opie collection of children's literature ; 039:087.
Subjects:

MARC

Tag First Indicator Second Indicator Subfields
LEADER 00000cam a2200000Ia 4500
001 in00002599331
005 20151201154531.0
007 he amv---bacp
007 hz bhv---babp
008 080527s1896 enka b 000 0 eng d
035 |a (OCoLC)ocn228812529 
035 |a (OCoLC)228812529 
037 |a CL0021000039  |b ProQuest, 789 E. Eisenhower Parkway, Ann Arbor, MI 48108-3218 
040 |a UMI  |c UMI  |d UMI  |d UtOrBLW 
049 |a UMIA 
090 |a PZ5  |b .O67 1990 no.039:087. 
100 1 |a Bingham, Clifton,  |d 1859-1913. 
245 1 0 |a Comical kittens and their frolics /  |c verses by Clifton Bingham. 
264 1 |a London ;  |a New York :  |b R. Tuck & Sons,  |c [1896] 
264 4 |c ©1896 
300 |a 16 unnumbered pages :  |b illustrations 
336 |a text  |b txt  |2 rdacontent 
337 |a microform  |b h  |2 rdamedia 
338 |a microfiche  |b he  |2 rdacarrier 
500 |a Title vignette. 
500 |a Imprint from cover. 
500 |a With pop-up illustrations. 
500 |a Imperfect: faded print. 
500 |a Reproduction of original in the Bodleian Library. 
510 4 |a Opie  |c EE 27 
533 |a Microfiche.  |b Ann Arbor, Mich. :  |c UMI,  |d 2000.  |e 1 microfiche ; 11 x 15 cm.  |f (Opie collection of children's literature ; 039:087)  |7 s2000 miun b 
500 |a Microform. 
650 0 |a Kittens  |v Juvenile poetry. 
650 0 |a Pop-up books  |v Specimens. 
830 0 |a Opie collection of children's literature ;  |v 039:087. 
994 |a 02  |b UMI 
999 |a MARS 
999 f f |s bf70a22e-c1ce-34ac-b288-9158287ad55e  |i cf2e6871-b032-3983-ae47-ec65ee08befd  |t 0 
952 f f |a Texas A&M University  |b College Station  |c Sterling C. Evans Library  |d Evans: Microforms Fiche (3rd floor)  |t 0  |e PZ5 .O67 1990 no.039:087.  |h Library of Congress classification 
998 f f |a PZ5 .O67 1990 no.039:087.  |t 0  |l Evans: Microforms Fiche (3rd floor)